[Event "IND-ch U17 25th"]
[Site "Bihar"]
[Date "2014.12.06"]
[Round "7"]
[White "Abhishek, A."]
[Black "Aradhya, Garg"]
[Result "0-1"]
[WhiteElo "2159"]
[BlackElo "2066"]
[PlyCount "82"]
[EventDate "2014.12.02"]
[EventType "swiss"]
[EventRounds "11"]
[EventCountry "IND"]
[SourceTitle "EXT 2016"]
[Source "ChessBase"]
[SourceDate "2015.10.08"]
[SourceVersion "1"]
[SourceVersionDate "2015.10.08"]
[SourceQuality "1"]

1. d4 d5 2. c4 c6 3. Nf3 Nf6 4. e3 Bf5 5. cxd5 cxd5 6. Nc3 e6 7. Ne5 Nfd7 8. g4 Bg6 9. Nxg6 hxg6 10. Bg2 Nc6 11. 0-0 f5 12. f4 Nb6 13. g5 Rc8 14. b3 Be7 15. a3 a6 16. Ne2 Kf7 17. Bb2 Na7 18. Nc1 Rc6 19. Nd3 Nd7 20. b4 Qc7 21. Qb3 Bxg5 22. fxg5 Qxh2+ 23. Kf2 Rh3 24. Rh1 Qg3+ 25. Kf1 Rxh1+ 26. Bxh1 Rc8 27. Nf4 Nb6 28. Rc1 Nc4 29. Ke2 Rh8 30. Rxc4 Rxh1 31. Rc7+ Kg8 32. Bc1 Nb5 33. Rc8+ Kh7 34. Kd3 Qf3 35. Ne2 Nd6 36. Rc2 Ne4 37. Rd2 f4 38. Nxf4 Rxc1 39. Rh2+ Kg8 40. Nxg6 Qf1+ 41. Re2 Rd1+ 0-1

[Event "IND-ch U17 25th"]
[Site "Bihar"]
[Date "2014.12.04"]
[Round "4"]
[White "Abhishek, A."]
[Black "Tridev, Buragohain"]
[Result "1-0"]
[WhiteElo "2159"]
[BlackElo "1490"]
[PlyCount "57"]
[EventDate "2014.12.02"]
[EventType "swiss"]
[EventRounds "11"]
[EventCountry "IND"]
[SourceTitle "EXT 2016"]
[Source "ChessBase"]
[SourceDate "2015.10.08"]
[SourceVersion "1"]
[SourceVersionDate "2015.10.08"]
[SourceQuality "1"]

1. d4 Nf6 2. Nf3 c5 3. d5 e6 4. c4 b5 5. dxe6 fxe6 6. cxb5 d5 7. e3 Bd6 8. Nc3 0-0 9. Be2 Bb7 10. 0-0 Qe7 11. Qc2 Nbd7 12. b3 Rae8 13. Bd3 e5 14. e4 c4 15. bxc4 dxe4 16. Nxe4 Bc5 17. Bg5 h6 18. Bxf6 Nxf6 19. Nxf6+ Rxf6 20. Be4 Ref8 21. Rfe1 Rxf3 22. gxf3 Bc8 23. Kh1 Qh4 24. Re2 Qh3 25. Bd5+ Kh8 26. Rg1 e4 27. Qxe4 Bd6 28. Rg2 Bxh2 29. Be6 1-0

[Event "Wch U20 53rd"]
[Site "Pune"]
[Date "2014.10.12"]
[Round "7"]
[White "Abhishek, A."]
[Black "Sudarshan, Malga"]
[Result "0-1"]
[WhiteElo "2138"]
[BlackElo "2007"]
[PlyCount "70"]
[EventDate "2014.10.06"]
[EventType "swiss"]
[EventRounds "13"]
[EventCountry "IND"]
[SourceTitle "EXT 2015"]
[Source "ChessBase"]
[SourceDate "2014.11.20"]
[SourceVersion "1"]
[SourceVersionDate "2014.11.20"]
[SourceQuality "1"]

1. d4 d5 2. Nf3 Nf6 3. c4 e6 4. Bg5 h6 5. Bxf6 Qxf6 6. Nc3 Bb4 7. Qa4+ Nc6 8. e3 0-0 9. Bd3 dxc4 10. Bxc4 a6 11. Qc2 e5 12. d5 e4 13. Nd2 Ne5 14. 0-0 Bf5 15. Qb3 Bxc3 16. Qxc3 Qd6 17. Rfc1 Rac8 18. Qd4 Ng4 19. Nf1 Bg6 20. f4 Rfd8 21. Ng3 Qe7 22. Bb3 c5 23. Qd2 Qh4 24. Nf1 b5 25. a4 c4 26. axb5 axb5 27. Ba2 Rc5 28. d6 Rc6 29. g3 Qh5 30. Rd1 Qc5 31. Qd5 Qb6 32. Qd2 Rcxd6 33. Qe2 Rxd1 34. Rxd1 Rxd1 35. Qxg4 Qxe3+ 0-1

[Event "Wch U20 53rd"]
[Site "Pune"]
[Date "2014.10.06"]
[Round "1"]
[White "Grover, Sahaj"]
[Black "Abhishek, A."]
[Result "1-0"]
[WhiteElo "2491"]
[BlackElo "2138"]
[PlyCount "101"]
[EventDate "2014.10.06"]
[EventType "swiss"]
[EventRounds "13"]
[EventCountry "IND"]
[SourceTitle "EXT 2015"]
[Source "ChessBase"]
[SourceDate "2014.11.20"]
[SourceVersion "1"]
[SourceVersionDate "2014.11.20"]
[SourceQuality "1"]

1. d4 Nf6 2. Bg5 g6 3. Bxf6 exf6 4. c4 Bg7 5. Nc3 0-0 6. e3 f5 7. g3 c5 8. Nge2 cxd4 9. Nxd4 Nc6 10. Ndb5 Be5 11. Qd2 a6 12. Nd6 Nd4 13. exd4 Bxd6 14. 0-0-0 b6 15. Bg2 Rb8 16. Kb1 Bb4 17. Qf4 Bb7 18. Bxb7 Bxc3 19. Bd5 Bb4 20. a3 Be7 21. h4 d6 22. g4 fxg4 23. h5 g5 24. Qxg4 Kh8 25. Be4 Qc8 26. Bf5 Qxc4 27. Rhe1 Bf6 28. Bc2 Rbc8 29. Re2 Qd5 30. Be4 Qb5 31. d5 Rfe8 32. Qf5 Kg7 33. Rdd2 Be5 34. Qxg5+ Kf8 35. f4 Bg7 36. h6 Bc3 37. Rc2 Bd4 38. Bxh7 Rxe2 39. Rxc8+ Re8 40. Qg8+ Ke7 41. Rxe8+ Qxe8 42. Qg2 Qh8 43. Bd3 Qf6 44. Qh2 b5 45. h7 a5 46. Qc2 Bc5 47. Bxb5 Qh8 48. Qf5 Bd4 49. Qd7+ Kf6 50. Bd3 Qb8 51. Qxd6+ 1-0

[Event "IND-ch U15"]
[Site "Thrissur"]
[Date "2014.08.12"]
[Round "11"]
[White "Visakh, Narayanan Rajeswari"]
[Black "Abhishek, A."]
[Result "1-0"]
[WhiteElo "2308"]
[BlackElo "2178"]
[PlyCount "65"]
[EventDate "2014.08.04"]
[EventType "swiss"]
[EventRounds "11"]
[EventCountry "IND"]
[SourceTitle "CBM 162 Extra"]
[Source "ChessBase"]
[SourceDate "2014.10.17"]
[SourceVersion "1"]
[SourceVersionDate "2014.10.17"]
[SourceQuality "1"]

1. e4 e6 2. d4 d5 3. e5 c5 4. c3 Nc6 5. Nf3 Bd7 6. a3 c4 7. Bf4 Na5 8. Nbd2 Bc6 9. Be2 Qd7 10. 0-0 Ba4 11. Qb1 Nb3 12. Nxb3 Bxb3 13. Nd2 Ba4 14. h3 f5 15. exf6 Nxf6 16. Be5 Bd6 17. Nf3 0-0 18. Re1 Ne4 19. Qc1 Rac8 20. Qe3 Rf5 21. Bf1 Be7 22. Bh2 Rcf8 23. Bxc4 Ng5 24. Be2 Ne4 25. Bd3 Rxf3 26. gxf3 Bg5 27. f4 Bh4 28. Bg3 g5 29. Bxh4 gxh4 30. Bxe4 dxe4 31. Qxe4 Rf6 32. Kh2 Bc6 33. Qe5 1-0

[Event "IND-ch U15"]
[Site "Thrissur"]
[Date "2014.08.05"]
[Round "2"]
[White "Abhishek, A."]
[Black "Eashwar, M."]
[Result "1/2-1/2"]
[WhiteElo "2178"]
[BlackElo "1906"]
[PlyCount "68"]
[EventDate "2014.08.04"]
[EventType "swiss"]
[EventRounds "11"]
[EventCountry "IND"]
[SourceTitle "CBM 162 Extra"]
[Source "ChessBase"]
[SourceDate "2014.10.17"]
[SourceVersion "1"]
[SourceVersionDate "2014.10.17"]
[SourceQuality "1"]

1. d4 Nf6 2. Nf3 e6 3. e3 Be7 4. Bd3 d5 5. 0-0 0-0 6. b3 b6 7. Bb2 Bb7 8. Ne5 c5 9. Nd2 Nbd7 10. f4 Ne4 11. Nxe4 dxe4 12. Bc4 Qc7 13. Qg4 Nf6 14. Qg3 g6 15. dxc5 Bxc5 16. f5 Bd6 17. fxe6 fxe6 18. Qh3 Bc8 19. Bxe6+ Kg7 20. Bxc8 Bxe5 21. Bxe5 Qxe5 22. Be6 Rad8 23. Rad1 Qc3 24. Rxd8 Rxd8 25. Bc4 Rd2 26. Qg3 Rxc2 27. Qc7+ Kh6 28. Qf4+ Kg7 29. g4 Rc1 30. Qc7+ Kh8 31. Qd8+ Kg7 32. Qc7+ Kh8 33. Qd8+ Kg7 34. Qc7+ Kh8 1/2-1/2

[Event "IND-ch U15"]
[Site "Thrissur"]
[Date "2014.08.04"]
[Round "1"]
[White "Nishanth, VG."]
[Black "Abhishek, A."]
[Result "0-1"]
[WhiteElo "1630"]
[BlackElo "2178"]
[PlyCount "82"]
[EventDate "2014.08.04"]
[EventType "swiss"]
[EventRounds "11"]
[EventCountry "IND"]
[SourceTitle "CBM 162 Extra"]
[Source "ChessBase"]
[SourceDate "2014.10.17"]
[SourceVersion "1"]
[SourceVersionDate "2014.10.17"]
[SourceQuality "1"]

1. d4 Nf6 2. c4 g6 3. Nc3 Bg7 4. e4 d6 5. Be2 0-0 6. Be3 Nbd7 7. g4 e5 8. g5 Ne8 9. d5 Qe7 10. Qd2 f5 11. gxf6 Ndxf6 12. h3 c6 13. 0-0-0 cxd5 14. cxd5 Bd7 15. Kb1 b5 16. Bf3 Nc7 17. Rc1 Rfc8 18. h4 Ng4 19. Bg5 Qf8 20. Qe2 h5 21. Nd1 b4 22. Ne3 Nf6 23. Qd2 Rab8 24. Ne2 Nb5 25. Rhg1 Nh7 26. Rxc8 Bxc8 27. Bh1 Qxf2 28. Rg2 Qf8 29. Qe1 Nxg5 30. Rxg5 Kh7 31. Rg3 Nd4 32. Nxd4 exd4 33. Nc4 Bg4 34. Bg2 Rc8 35. b3 d3 36. Rxd3 Qf6 37. e5 dxe5 38. Be4 Bf5 39. Kc2 Qa6 40. Kb1 Qf6 41. Kc2 Bh6 0-1

[Event "IND-ch U25"]
[Site "Calicut"]
[Date "2013.10.03"]
[Round "2"]
[White "Abhishek, A."]
[Black "Saravana, Krishnan P"]
[Result "0-1"]
[WhiteElo "1970"]
[BlackElo "2323"]
[PlyCount "157"]
[EventDate "2013.10.02"]
[EventType "swiss"]
[EventRounds "9"]
[EventCountry "IND"]
[SourceTitle "EXT 2014"]
[Source "ChessBase"]
[SourceDate "2013.11.20"]
[SourceVersion "1"]
[SourceVersionDate "2013.11.20"]
[SourceQuality "1"]

1. d4 Nf6 2. c4 Nc6 3. Nc3 e5 4. d5 Ne7 5. e4 Ng6 6. Bd3 Bc5 7. Nf3 0-0 8. 0-0 a5 9. Na4 d6 10. a3 Ba7 11. Bd2 Bd7 12. b4 Nf4 13. Bxf4 exf4 14. Nc3 Bg4 15. Be2 Qe7 16. Nd2 Bd7 17. Bf3 Qe5 18. Rc1 Bd4 19. Nb5 Bb6 20. Qe2 axb4 21. axb4 Bxb5 22. cxb5 Ra2 23. Qe1 Rxd2 24. Qxd2 g5 25. Qe2 Kg7 26. h3 Rh8 27. Rfd1 h5 28. Rb1 g4 29. hxg4 hxg4 30. Bxg4 Qg5 31. Bf5 Qh4 32. Bh3 Qg3 33. Kf1 Rxh3 34. gxh3 Qxh3+ 35. Ke1 f3 36. Qd3 Qg4 37. Rb3 Qg1+ 38. Kd2 Qxf2+ 39. Kc1 Qa2 40. Ra3 Qe2 41. Qxe2 fxe2 42. Re1 Nxe4 43. Rxe2 f5 44. Rf3 Kg6 45. Kc2 Nf6 46. Rg2+ Ng4 47. Kc3 Kg5 48. Rfg3 Kf4 49. Rh3 Ke4 50. Rd3 Ne3 51. Re2 f4 52. Kd2 Bd4 53. Rxd4+ Kxd4 54. Re1 Nxd5 55. Rc1 f3 56. Rf1 Ke4 57. Re1+ Kf4 58. Re8 Nxb4 59. Rf8+ Ke4 60. Rf7 Nd5 61. b6 cxb6 62. Rxb7 b5 63. Rd7 Nf4 64. Re7+ Kf5 65. Rf7+ Ke5 66. Ke3 Ne6 67. Rxf3 b4 68. Kd3 Nd4 69. Re3+ Kd5 70. Re4 Nc6 71. Rh4 Kc5 72. Rc4+ Kb5 73. Rc1 d5 74. Rc2 b3 75. Rc3 Nb4+ 76. Kd4 Ka4 77. Rh3 b2 78. Rh1 Kb3 79. Kc5 0-1

[Event "IND-ch U25"]
[Site "Calicut"]
[Date "2013.10.03"]
[Round "3"]
[White "Sanjeet, Singh Chawla"]
[Black "Abhishek, A."]
[Result "0-1"]
[WhiteElo "1686"]
[BlackElo "1970"]
[PlyCount "56"]
[EventDate "2013.10.02"]
[EventType "swiss"]
[EventRounds "9"]
[EventCountry "IND"]
[SourceTitle "EXT 2014"]
[Source "ChessBase"]
[SourceDate "2013.11.20"]
[SourceVersion "1"]
[SourceVersionDate "2013.11.20"]
[SourceQuality "1"]

1. e4 d6 2. d4 g6 3. Nc3 Bg7 4. Nf3 Nf6 5. h3 0-0 6. Be3 Nbd7 7. e5 Ne8 8. Qd2 c6 9. Bh6 Qc7 10. Bxg7 Nxg7 11. exd6 exd6 12. 0-0-0 b5 13. g4 Nf6 14. Bd3 b4 15. Ne4 Nxe4 16. Bxe4 f5 17. gxf5 Bxf5 18. Ng5 Qa5 19. Kb1 h6 20. Bxc6 Rac8 21. d5 hxg5 22. h4 g4 23. Rde1 Rf7 24. h5 gxh5 25. Qg5 b3 26. axb3 Bxc2+ 27. Kxc2 Rxc6+ 28. Kb1 Rc8 0-1

[Event "IND-ch U13"]
[Site "Puducherry"]
[Date "2013.07.02"]
[Round "4"]
[White "Prajesh, R."]
[Black "Abhishek, A."]
[Result "1/2-1/2"]
[WhiteElo "1844"]
[BlackElo "2002"]
[PlyCount "62"]
[EventDate "2013.06.30"]
[EventType "swiss"]
[EventRounds "11"]
[EventCountry "IND"]
[SourceTitle "EXT 2014"]
[Source "ChessBase"]
[SourceDate "2013.11.20"]
[SourceVersion "1"]
[SourceVersionDate "2013.11.20"]
[SourceQuality "1"]

1. Nf3 Nf6 2. d4 g6 3. Nbd2 Bg7 4. e4 d6 5. Bd3 0-0 6. 0-0 Nc6 7. c3 e5 8. Re1 Nd7 9. Nb3 Ne7 10. dxe5 Nxe5 11. Nxe5 dxe5 12. Bc4 Qe8 13. Be3 b6 14. Qc2 Qc6 15. Nd2 Be6 16. Qb3 Bxc4 17. Qxc4 Qb7 18. Nf3 Nc8 19. Bg5 Nd6 20. Qa4 f6 21. Bd2 Rfd8 22. Rad1 c5 23. Bc1 b5 24. Qc2 Nc4 25. b3 Nb6 26. Be3 Bf8 27. h3 Be7 28. Nh2 a5 29. f4 Bd6 30. fxe5 Bxe5 31. Ng4 Qe7 1/2-1/2

[Event "Wch U12"]
[Site "Maribor"]
[Date "2012.11.18"]
[Round "11.12"]
[White "Abhishek, A."]
[Black "Xiong, Jeffery"]
[Result "0-1"]
[WhiteElo "1938"]
[BlackElo "2252"]
[PlyCount "86"]
[EventDate "2012.11.08"]
[EventType "swiss"]
[EventRounds "11"]
[EventCountry "SLO"]
[SourceTitle "EXT 2013"]
[Source "ChessBase"]
[SourceDate "2012.11.22"]
[SourceVersion "1"]
[SourceVersionDate "2012.11.22"]
[SourceQuality "1"]

1. d4 Nf6 2. c4 e6 3. Nc3 Bb4 4. e3 0-0 5. Nge2 d5 6. a3 Be7 7. cxd5 exd5 8. b4 c6 9. Ng3 b5 10. Bd2 Be6 11. Bd3 Nbd7 12. 0-0 Nb6 13. Nce2 g6 14. Qc2 Nc4 15. Bxc4 bxc4 16. f3 Ne8 17. e4 f5 18. Nf4 Bc8 19. exf5 Bxf5 20. Nxf5 Rxf5 21. g4 Rf6 22. Rae1 Ng7 23. Ng2 Qd7 24. Bf4 Raf8 25. Bg5 Re6 26. Bxe7 Qxe7 27. f4 Qf6 28. Re5 Rxe5 29. dxe5 Qe6 30. Ne3 g5 31. fxg5 Rxf1+ 32. Kxf1 Qxe5 33. Nf5 Qf4+ 34. Qf2 Qc1+ 35. Qe1 Qxg5 36. Qe7 Qf4+ 37. Ke1 Nxf5 38. Qe8+ Kg7 39. Qd7+ Kf6 40. gxf5 Qxf5 41. Qd8+ Ke5 42. Qc7+ Kd4 43. Qxa7+ Kd3 0-1

[Event "IND-ch U15"]
[Site "Mumbai"]
[Date "2009.11.01"]
[Round "1"]
[White "Prasanna Raghuram, Rao"]
[Black "Abhishek, A."]
[Result "1-0"]
[WhiteElo "2310"]
[BlackElo "1680"]
[PlyCount "51"]
[EventDate "2009.11.01"]
[EventType "swiss"]
[EventRounds "11"]
[EventCountry "IND"]
[SourceTitle "EXT 2011"]
[Source "ChessBase"]
[SourceDate "2010.11.26"]
[SourceVersion "1"]
[SourceVersionDate "2010.11.26"]
[SourceQuality "1"]

1. e4 c5 2. Nf3 Nc6 3. d4 cxd4 4. Nxd4 Nf6 5. Nc3 d6 6. Bg5 e6 7. Qd2 Be7 8. 0-0-0 0-0 9. f4 a6 10. Bxf6 gxf6 11. Be2 Qc7 12. f5 b5 13. Nxc6 Qxc6 14. Bf3 Bb7 15. Qf2 Kh8 16. e5 d5 17. Qh4 Rac8 18. Rd3 b4 19. Bxd5 fxe5 20. f6 bxc3 21. Bxc6 cxb2+ 22. Kb1 Bxc6 23. Rh3 Be4 24. Qxe4 h5 25. Rxh5+ Kg8 26. Qh7# 1-0